[Event "World Blitz 2015"]
[Site "Berlin GER"]
[Date "2015.10.14"]
[Round "21.41"]
[White "Postny, Evgeny"]
[Black "Bacrot, Etienne"]
[Result "0-1"]
[WhiteTitle "GM"]
[BlackTitle "GM"]
[WhiteElo "2658"]
[BlackElo "2697"]
[WhiteFideId "2804344"]
[BlackFideId "605506"]
[EventDate "2015.10.13"]

1. d4 Nf6 2. c4 e6 3. Nf3 b6 4. g3 Bb7 5. Bg2 Bb4+ 6. Bd2 Be7 7. O-O O-O 8. Nc3
Na6 9. a3 d5 10. cxd5 exd5 11. Rc1 c5 12. Bf4 Rc8 13. Nb5 Ra8 14. Ne5 h6 15. Qc2
Qe8 16. a4 cxd4 17. Bh3 Bc5 18. Rfd1 Ne4 19. Nxd4 Bc8 20. Bg2 Bxd4 21. Rxd4 Bf5
22. g4 Bh7 23. Qd1 Rc8 24. Rxc8 Qxc8 25. Rxd5 Nac5 26. Rd4 Ne6 27. Bxe4 Nxd4 28.
Bxh7+ Kxh7 29. Qxd4 f6 30. Qd3+ Kg8 31. Qb3+ Kh7 32. Qd3+ Kg8 33. Qc4+ Kh7 34.
Qxc8 Rxc8 35. Nd3 g5 36. Be3 Rc4 37. b4 Rxg4+ 38. Kf1 Rc4 39. a5 bxa5 40. bxa5
Ra4 41. Bd2 Kg6 42. f3 h5 43. Kf2 f5 44. Ne5+ Kf6 45. Nc6 a6 46. Nb8 Ra2 47.
Bc3+ Ke6 48. Nxa6 Kd6 49. Be1 g4 50. f4 h4 51. Bc3 Ra4 52. Bd2 Ra2 53. Bb4+ Kc6
54. Be1 Kd6 55. Kf1 Ra1 56. Kf2 g3+ 57. hxg3 h3 58. Bb4+ Kc6 59. Bc3 h2 60. Bxa1
h1=Q 61. Be5 Qb1 62. Nb8+ Kd5 63. a6 Qb6+ 64. Kf3 Qb3+ 65. Kf2 Ke4 66. Nd7 Qe3+
67. Kf1 Qxg3 68. Nf6+ Ke3 69. Nd5+ Kd2 70. a7 Qe1+ 71. Kg2 Qxe2+ 72. Kg1 Qe1+
73. Kg2 Qe4+ 0-1

[Event "World Blitz 2015"]
[Site "Berlin GER"]
[Date "2015.10.14"]
[Round "21.42"]
[White "Khismatullin, Denis"]
[Black "Bok, Benjamin"]
[Result "1-0"]
[WhiteTitle "GM"]
[BlackTitle "GM"]
[WhiteElo "2651"]
[BlackElo "2591"]
[WhiteFideId "4142578"]
[BlackFideId "1017063"]
[EventDate "2015.10.13"]

1. g3 d5 2. Bg2 Nf6 3. Nf3 c6 4. c4 g6 5. b3 Bg7 6. Bb2 O-O 7. O-O Bg4 8. d4
Bxf3 9. Bxf3 Nbd7 10. Nc3 e6 11. e3 Qe7 12. Qe2 Rfe8 13. Rac1 h5 14. Rfd1 Rad8
15. Bg2 Nb6 16. Nb1 dxc4 17. bxc4 Qc7 18. Nc3 e5 19. dxe5 Rxd1+ 20. Rxd1 Rxe5
21. Qd3 Re8 22. c5 Nbd7 23. Qc4 Qa5 24. Na4 Ne5 25. Qb3 Qa6 26. Bc3 Qe2 27. Bxe5
Rxe5 28. Bf1 Qf3 29. Bg2 Qe2 30. Nc3 Qa6 31. Rd8+ Re8 32. Bf1 Qa5 33. Rxe8+ Nxe8
34. Ne4 Qc7 35. Bc4 Bh6 36. Kg2 Kf8 37. Qa3 Qe7 38. Bd3 a6 39. Qb2 Bg7 40. Qb6
Nf6 41. Nd6 Ne8 42. Nxb7 Qd7 43. Be2 h4 44. gxh4 Qd5+ 45. Bf3 Qxa2 46. Qxc6 Qc4
47. Qc8 Qxh4 48. Nd6 Qg5+ 49. Kf1 Qe5 50. Bc6 1-0

[Event "World Blitz 2015"]
[Site "Berlin GER"]
[Date "2015.10.14"]
[Round "21.43"]
[White "Pavlidis, Antonios"]
[Black "Salem, A.R. Saleh"]
[Result "1-0"]
[WhiteTitle "GM"]
[BlackTitle "GM"]
[WhiteElo "2522"]
[BlackElo "2624"]
[WhiteFideId "4212312"]
[BlackFideId "9301348"]
[EventDate "2015.10.13"]

1. e4 c5 2. Nf3 d6 3. d4 cxd4 4. Nxd4 Nf6 5. Nc3 a6 6. Be2 e5 7. Nb3 Be7 8. Be3
Be6 9. Qd3 Nbd7 10. Nd5 Bxd5 11. exd5 O-O 12. O-O Rc8 13. c4 Ne8 14. Bg4 e4 15.
Qxe4 Nef6 16. Qd4 Nxg4 17. Qxg4 Ne5 18. Qg3 Rxc4 19. Bd4 Bf6 20. Rac1 Qc7 21.
Bc3 Rc8 22. h3 Qd8 23. Nd2 Ra4 24. a3 h5 25. Bb4 a5 26. b3 Rxb4 27. axb4 axb4
28. Ne4 Be7 29. Qe3 Ra8 30. Ra1 Ra5 31. Rxa5 Qxa5 32. Qd4 Qb5 33. Rc1 Qe2 34.
Ng3 Qb5 35. Nxh5 g6 36. f4 Nd7 37. Qg7# 1-0

[Event "World Blitz 2015"]
[Site "Berlin GER"]
[Date "2015.10.14"]
[Round "21.44"]
[White "Akopian, Vladimir"]
[Black "Lagarde, Maxime"]
[Result "1/2-1/2"]
[WhiteTitle "GM"]
[BlackTitle "GM"]
[WhiteElo "2648"]
[BlackElo "2550"]
[WhiteFideId "13300032"]
[BlackFideId "662399"]
[EventDate "2015.10.13"]

1. Nf3 f5 2. g3 Nf6 3. Bg2 g6 4. O-O Bg7 5. c4 O-O 6. Nc3 d6 7. d4 c6 8. d5 e5
9. dxe6 Bxe6 10. b3 Ne4 11. Nxe4 fxe4 12. Nd4 Bf7 13. Rb1 d5 14. cxd5 cxd5 15.
Bb2 Nd7 16. Qd2 Ne5 17. Rbc1 Qd7 18. Rc2 Rac8 19. Rfc1 h5 20. Qa5 b6 21. Qb5 Qb7
22. Qb4 Rxc2 23. Rxc2 Rc8 24. Rxc8+ Qxc8 25. Qd6 Qd7 26. Qxd7 Nxd7 27. Bh3 Nc5
28. e3 Nd3 29. Ba3 Bxd4 30. exd4 g5 31. Bd7 Kg7 32. Kf1 Kf6 33. Ke2 h4 34. Ke3
Be6 35. Bxe6 Kxe6 36. f3 Ne1 37. fxe4 Nc2+ 38. Kf3 Nxa3 39. gxh4 gxh4 40. exd5+
Kxd5 41. Kg4 Nb5 42. Kxh4 Nxd4 43. Kg4 Ke4 44. h4 Nf5 45. h5 b5 46. b4 Ke5 47.
Kg5 Ke6 48. a3 Ke5 49. Kg6 Ke6 50. Kg5 Nd4 51. Kg6 Ke7 52. h6 Ne6 53. Kf5 Nf8
54. Ke5 Kf7 55. Kd6 Kg6 56. Kc6 Kxh6 57. Kxb5 Kg6 58. Ka6 Kf6 59. Kxa7 Ke7 60.
b5 Kd8 61. a4 Nd7 62. a5 Kc8 63. b6 Nc5 64. a6 Nd7 65. b7+ Kc7 66. Ka8 Nb6+ 67.
Ka7 Nd7 68. Ka8 Nb6+ 69. Ka7 Nd7 1/2-1/2

[Event "World Blitz 2015"]
[Site "Berlin GER"]
[Date "2015.10.14"]
[Round "21.45"]
[White "Schneider, Ilja"]
[Black "Lenic, Luka"]
[Result "0-1"]
[WhiteTitle "IM"]
[BlackTitle "GM"]
[WhiteElo "2481"]
[BlackElo "2639"]
[WhiteFideId "4663306"]
[BlackFideId "14603853"]
[EventDate "2015.10.13"]

1. d4 Nf6 2. Bg5 d5 3. e3 c5 4. c3 Qb6 5. Qb3 Nc6 6. Nd2 e6 7. Ngf3 Be7 8. Be2
h6 9. Bh4 O-O 10. O-O Qc7 11. Bg3 Qd8 12. Rfd1 b6 13. Qc2 Bb7 14. Rac1 Rc8 15.
Qb1 Nh5 16. Be5 Nxe5 17. Nxe5 Nf6 18. Bd3 Bd6 19. Ndf3 Qc7 20. h3 Rfd8 21. a3
Ne4 22. c4 Nf6 23. cxd5 exd5 24. Bf5 Rb8 25. b3 Qe7 26. a4 Ne4 27. a5 g6 28.
Bxe4 dxe4 29. Nd2 cxd4 30. exd4 Bxe5 31. dxe5 e3 32. fxe3 Qg5 33. Ne4 Qxe3+ 34.
Nf2 Qg3 35. Ne4 Qxe5 36. Re1 Re8 37. Nf2 Qd5 0-1

[Event "World Blitz 2015"]
[Site "Berlin GER"]
[Date "2015.10.14"]
[Round "21.46"]
[White "Zhang, Zhong"]
[Black "Vidit, Santosh Gujrathi"]
[Result "0-1"]
[WhiteTitle "GM"]
[BlackTitle "GM"]
[WhiteElo "2619"]
[BlackElo "2651"]
[WhiteFideId "8600694"]
[BlackFideId "5029465"]
[EventDate "2015.10.13"]

1. Nf3 Nf6 2. c4 c5 3. Nc3 d5 4. cxd5 Nxd5 5. d4 Nxc3 6. bxc3 g6 7. e3 Bg7 8.
Be2 O-O 9. O-O Nc6 10. Ba3 cxd4 11. cxd4 Be6 12. Bb2 Bd5 13. a4 Rc8 14. Rc1 Qb6
15. Ba3 Rfd8 16. Rb1 Qc7 17. Bd3 f5 18. Qe2 e5 19. dxe5 Bxf3 20. gxf3 Nxe5 21.
Qa2+ Kh8 22. Be2 Qc6 23. f4 Nf3+ 24. Bxf3 Qxf3 25. Rfc1 Rxc1+ 26. Rxc1 Rd1+ 27.
Rxd1 Qxd1+ 28. Kg2 Qxa4 29. f3 b5 30. h4 h6 31. h5 gxh5 32. e4 fxe4 33. f5 exf3+
34. Kxf3 Qg4+ 35. Ke3 Qxf5 36. Bd6 h4 37. Bf4 h3 38. Qxa7 Kh7 39. Qb8 Qe6+ 40.
Kf3 Qf5 41. Kg3 h5 42. Kh2 Qg4 43. Bg3 h4 0-1

[Event "World Blitz 2015"]
[Site "Berlin GER"]
[Date "2015.10.14"]
[Round "21.47"]
[White "Fridman, Daniel"]
[Black "Hjartarson, Johann"]
[Result "1-0"]
[WhiteTitle "GM"]
[BlackTitle "GM"]
[WhiteElo "2649"]
[BlackElo "2529"]
[WhiteFideId "11600454"]
[BlackFideId "2300044"]
[EventDate "2015.10.13"]

1. d4 Nf6 2. c4 e6 3. Nc3 Bb4 4. Qc2 c5 5. dxc5 O-O 6. Nf3 Na6 7. g3 Nxc5 8. Bg2
Nce4 9. O-O Nxc3 10. bxc3 Be7 11. e4 d6 12. e5 dxe5 13. Nxe5 Qc7 14. Re1 Bd6 15.
Bf4 Nh5 16. c5 Qxc5 17. Nd3 Qc7 18. Bxd6 Qxd6 19. Rad1 Nf6 20. Ne5 Qc7 21. Qd3
a5 22. Qd6 Qxc3 23. Rc1 Qb4 24. Qc7 Nd5 25. Qc2 f6 26. Re4 Qd6 27. Nc4 Qc5 28.
Rh4 g6 29. Qd2 Qb4 30. Qh6 Qe7 31. Bxd5 exd5 32. Nb6 Rb8 33. Nxd5 Qg7 34. Qxg7+
Kxg7 35. Rc7+ Rf7 36. Rxh7+ Kxh7 37. Rxf7+ Kh6 38. Rf8 b5 39. Ne7 b4 40. Nc6 Ra8
41. Rxf6 Bb7 42. Ne5 Kg5 43. Rf7 Bd5 44. f4+ Kh6 45. Ng4+ Kh5 46. Nf6+ Kh6 47.
Rh7# 1-0

[Event "World Blitz 2015"]
[Site "Berlin GER"]
[Date "2015.10.14"]
[Round "21.48"]
[White "Demuth, Adrien"]
[Black "Stefansson, Hannes"]
[Result "1-0"]
[WhiteTitle "GM"]
[BlackTitle "GM"]
[WhiteElo "2545"]
[BlackElo "2602"]
[WhiteFideId "642274"]
[BlackFideId "2300087"]
[EventDate "2015.10.13"]

1. Nf3 Nf6 2. c4 c6 3. g3 d5 4. Bg2 g6 5. b3 Bg7 6. Bb2 O-O 7. O-O a5 8. d3 Na6
9. a3 Bf5 10. Nbd2 Qb6 11. Qc2 Rad8 12. Rac1 Qa7 13. Bd4 c5 14. Bxf6 Bxf6 15.
cxd5 Bg4 16. e4 b6 17. Rfe1 Bg7 18. h3 Bc8 19. Nc4 Nc7 20. d4 cxd4 21. Nxa5 Qxa5
22. Qxc7 Qxa3 23. Qxb6 d3 24. Rcd1 Ba6 25. e5 Rb8 26. Qe3 Qxb3 27. Nd4 Qc3 28.
Nc6 Rbe8 29. Be4 Bc4 30. Rc1 Qb3 31. Na5 1-0

[Event "World Blitz 2015"]
[Site "Berlin GER"]
[Date "2015.10.14"]
[Round "21.49"]
[White "Kryvoruchko, Yuriy"]
[Black "Ganguly, Surya Shekhar"]
[Result "0-1"]
[WhiteTitle "GM"]
[BlackTitle "GM"]
[WhiteElo "2710"]
[BlackElo "2652"]
[WhiteFideId "14109182"]
[BlackFideId "5002150"]
[EventDate "2015.10.13"]

1. Nf3 Nf6 2. e3 d5 3. b3 e6 4. Bb2 Bd6 5. c4 c5 6. cxd5 exd5 7. Be2 Nc6 8. d4
cxd4 9. Nxd4 Bb4+ 10. Bc3 Qa5 11. Bxb4 Qxb4+ 12. Qd2 Nxd4 13. exd4 a5 14. O-O
Ne4 15. Qe3 O-O 16. f3 Nd6 17. a3 Qb6 18. Nc3 Nf5 19. Nxd5 Qd8 20. Qe5 Re8 21.
Qxe8+ Qxe8 22. Nc7 Qe3+ 23. Kh1 Rb8 24. Rfe1 Qh6 25. Bc4 Bd7 26. Re7 0-1

[Event "World Blitz 2015"]
[Site "Berlin GER"]
[Date "2015.10.14"]
[Round "21.50"]
[White "Hausrath, Daniel"]
[Black "Inarkiev, Ernesto"]
[Result "1-0"]
[WhiteTitle "GM"]
[BlackTitle "GM"]
[WhiteElo "2503"]
[BlackElo "2660"]
[WhiteFideId "4617495"]
[BlackFideId "4162722"]
[EventDate "2015.10.13"]

1. Nf3 Nf6 2. g3 g6 3. Bg2 Bg7 4. O-O O-O 5. d4 d6 6. Re1 c5 7. dxc5 dxc5 8.
Qxd8 Rxd8 9. c3 Nc6 10. Be3 Nd7 11. Rd1 Rb8 12. a4 b6 13. Bf4 e5 14. Bg5 f6 15.
Be3 e4 16. Nfd2 f5 17. Na3 Nde5 18. Ndc4 Be6 19. Nxe5 Bxe5 20. Bg5 Rxd1+ 21.
Rxd1 Kg7 22. f3 h6 23. fxe4 hxg5 24. exf5 gxf5 25. Bxc6 Rc8 26. Bg2 Rc7 27. Nb5
Re7 28. Bd5 Bd7 29. Bc4 a6 30. Nd6 Kf6 31. e4 Bxa4 32. b3 Bd7 33. Nxf5 b5 34.
Bd3 Bxc3 35. Rf1 Ke5 36. Kg2 Bc6 37. Nxe7 Bxe4+ 38. Bxe4 Kxe4 39. h4 gxh4 40.
gxh4 a5 41. h5 a4 42. bxa4 bxa4 43. Rf2 a3 44. Ra2 Bb2 45. h6 Kf4 46. h7 Kg5 47.
Nd5 Kg6 48. h8=Q Bxh8 49. Rxa3 Kf5 50. Ra4 Bd4 51. Kf3 Ke5 52. Nb6 Kf5 53. Nc4
Bf6 54. Ra5 Bd4 55. Nd2 Ke6 56. Nb3 1-0

[Event "World Blitz 2015"]
[Site "Berlin GER"]
[Date "2015.10.14"]
[Round "21.51"]
[White "Moiseenko, Alexander"]
[Black "Antipov, Mikhail Al."]
[Result "1-0"]
[WhiteTitle "GM"]
[BlackTitle "GM"]
[WhiteElo "2692"]
[BlackElo "2569"]
[WhiteFideId "14102560"]
[BlackFideId "4107012"]
[EventDate "2015.10.13"]

1. d4 e6 2. c4 b6 3. Nf3 Bb7 4. g3 Bb4+ 5. Bd2 Bxd2+ 6. Qxd2 Bxf3 7. exf3 d5 8.
Nc3 Nf6 9. g4 c6 10. g5 Ng8 11. O-O-O Ne7 12. h4 h5 13. Kb1 g6 14. cxd5 cxd5 15.
Bb5+ Kf8 16. Qf4 Nf5 17. Bd3 Qd6 18. Qc1 Nc6 19. Bxf5 exf5 20. Nb5 Qd7 21. Qf4
Kg7 22. Rhe1 Rae8 23. a3 Na5 24. Nd6 Rxe1 25. Rxe1 Nc6 26. Nb5 Rc8 27. Nc3 a6
28. Na2 Re8 29. Rc1 Re2 30. Nc3 Re6 31. Nd1 Na5 32. Ne3 Nb3 33. Rc7 Qb5 34. Ka2
Nd2 35. Nxf5+ gxf5 36. Qxd2 Re2 37. Qc3 Rxf2 38. g6 Kxg6 39. Rc8 Kg7 40. Qc1 Rg2
41. Rc7 a5 42. Rc2 Rxc2 43. Qxc2 Kf6 44. Qd2 Qc4+ 45. b3 Qc7 46. Qg5+ 1-0

[Event "World Blitz 2015"]
[Site "Berlin GER"]
[Date "2015.10.14"]
[Round "21.52"]
[White "Grigoriants, Sergey"]
[Black "Piorun, Kacper"]
[Result "0-1"]
[WhiteTitle "GM"]
[BlackTitle "GM"]
[WhiteElo "2603"]
[BlackElo "2609"]
[WhiteFideId "4130804"]
[BlackFideId "1130420"]
[EventDate "2015.10.13"]

1. e4 e6 2. d4 d5 3. Nd2 h6 4. Ngf3 Nf6 5. Bd3 c5 6. exd5 exd5 7. O-O c4 8. Re1+
Be7 9. Bf1 O-O 10. b3 cxb3 11. axb3 Nc6 12. c3 Bf5 13. Ne5 Nxe5 14. dxe5 Nd7 15.
Nf3 Nc5 16. Nd4 Bg6 17. f4 Ne6 18. f5 Nxd4 19. fxg6 Ne6 20. Qg4 Qb6+ 21. Kh1
fxg6 22. Qxg6 Nc5 23. Qxb6 axb6 24. Rxa8 Rxa8 25. b4 Ne4 26. Be3 Nxc3 27. Bd3
Bxb4 28. Rf1 Bc5 29. Bd2 Ne4 30. Be1 Re8 31. g3 Rxe5 32. Kg2 Re8 33. Rf5 Nd6 34.
Rf1 Nc4 35. Kh3 Rf8 36. Rh1 Ne5 37. Be2 d4 38. Bd2 Rf2 0-1

[Event "World Blitz 2015"]
[Site "Berlin GER"]
[Date "2015.10.14"]
[Round "21.53"]
[White "Rakhmanov, Aleksandr"]
[Black "Bindrich, Falko"]
[Result "1/2-1/2"]
[WhiteTitle "GM"]
[BlackTitle "GM"]
[WhiteElo "2637"]
[BlackElo "2594"]
[WhiteFideId "4173708"]
[BlackFideId "4676670"]
[EventDate "2015.10.13"]

1. c4 e6 2. e4 d5 3. exd5 exd5 4. d4 Nf6 5. Nc3 Be7 6. Bd3 dxc4 7. Bxc4 O-O 8.
Nge2 Nbd7 9. O-O Nb6 10. Bb3 c6 11. Re1 Nbd5 12. Nf4 Bg4 13. f3 Nxf4 14. Bxf4
Bh5 15. Qd2 Bb4 16. Bg5 h6 17. Bh4 Bg6 18. Rad1 Qd6 19. Bg3 Qd7 20. a3 Ba5 21.
Bh4 Nd5 22. Bxd5 cxd5 23. Re7 Qc6 24. Re5 Rfe8 25. Rde1 f6 26. Rxe8+ Rxe8 27.
Rxe8+ Bxe8 28. Qe3 Bg6 29. Be1 Kh7 30. Kf2 Qc4 31. Ne2 Bb6 32. Bc3 Qb3 33. h4
Qc2 34. Kg1 Qb1+ 35. Qc1 Qd3 36. Kf2 Qf5 37. g4 Qd3 38. h5 Be8 39. Qe3 Qxe3+ 40.
Kxe3 Kg8 41. Nf4 Bf7 42. Bb4 Bc7 43. Ne2 Be6 44. Nc3 a6 45. Na4 b6 46. Nc3 Kf7
47. Ne2 f5 48. Nf4 Bxf4+ 49. Kxf4 fxg4 50. fxg4 Bc8 51. Bd6 b5 52. Bc7 Bd7 53.
g5 hxg5+ 54. Kxg5 Bc8 55. b4 Bh3 56. Bf4 Bf1 57. Kf5 Be2 58. h6 gxh6 59. Bxh6
Ke7 60. Ke5 Bf3 1/2-1/2

[Event "World Blitz 2015"]
[Site "Berlin GER"]
[Date "2015.10.14"]
[Round "21.54"]
[White "Handke, Florian"]
[Black "Romanov, Evgeny"]
[Result "1/2-1/2"]
[WhiteTitle "GM"]
[BlackTitle "GM"]
[WhiteElo "2531"]
[BlackElo "2573"]
[WhiteFideId "4634527"]
[BlackFideId "4148843"]
[EventDate "2015.10.13"]

1. d4 Nf6 2. Nf3 e6 3. c4 b6 4. Bf4 Bb7 5. e3 Be7 6. Nc3 Nh5 7. Bd3 Nxf4 8. exf4
c5 9. d5 exd5 10. cxd5 O-O 11. O-O d6 12. Re1 Bf6 13. Qc2 h6 14. Rad1 Nd7 15.
Bb5 Nb8 16. Qf5 Bc8 17. Qh5 a6 18. Bd3 Ra7 19. g4 Bxc3 20. bxc3 Qf6 21. g5 Qxf4
22. Re4 g6 23. Rxf4 gxh5 24. gxh6 f5 25. Kh1 Kh7 26. Rg1 Kxh6 27. Rg5 Rg7 28.
Rxg7 Kxg7 29. Nh4 Kh6 30. Rf3 f4 31. Ng6 Rf6 32. Rxf4 Rxf4 33. Nxf4 Nd7 34. Kg2
b5 35. Be2 Nf6 36. Bf3 a5 37. a3 Bf5 38. Be2 b4 39. cxb4 cxb4 40. axb4 axb4 41.
Kf3 b3 42. Bd3 Bxd3 43. Nxd3 Nxd5 44. Ke4 Nf6+ 45. Kf5 Ng4 46. h4 Nxf2 47. Nb2
Ng4 48. Ke6 Nh2 49. Kxd6 Nf3 50. Kc5 Nxh4 51. Kb4 Nf5 52. Kxb3 h4 53. Nd3 h3 54.
Nf2 h2 55. Ng4+ 1/2-1/2

[Event "World Blitz 2015"]
[Site "Berlin GER"]
[Date "2015.10.14"]
[Round "21.55"]
[White "Teske, Henrik"]
[Black "Bartel, Mateusz"]
[Result "1-0"]
[WhiteTitle "GM"]
[BlackTitle "GM"]
[WhiteElo "2475"]
[BlackElo "2622"]
[WhiteFideId "4611500"]
[BlackFideId "1112635"]
[EventDate "2015.10.13"]

1. d4 f5 2. c4 Nf6 3. Nc3 e6 4. Bg5 Be7 5. g3 O-O 6. Bg2 c6 7. e3 d5 8. cxd5
cxd5 9. Nge2 Nc6 10. O-O Bd7 11. Rc1 Rc8 12. Bxf6 Bxf6 13. Nf4 b6 14. a3 Kh8 15.
h4 Na5 16. Qe2 Qe7 17. Qa6 Nc6 18. b4 Qd6 19. Rc2 Qb8 20. Rfc1 Ne7 21. Nh5 Rc7
22. Nb5 Rxc2 23. Rxc2 Bxb5 24. Qxb5 Rc8 25. Rxc8+ Qxc8 26. Bf1 Kg8 27. Nxf6+
gxf6 28. Qd3 Kf7 29. Qd2 Qc7 30. Be2 Nc8 31. e4 fxe4 32. Qh6 Kg8 33. Qxf6 Qe7
34. Qe5 Nd6 35. Bg4 Kf7 36. Qh8 Qf6 37. Qxh7+ Kf8 38. Qxa7 Qxd4 39. Bxe6 e3 40.
Qd7 exf2+ 41. Kg2 Qe5 42. Qd8+ Kg7 43. Qg5+ Qxg5 44. hxg5 d4 45. Kxf2 Kg6 46.
Ke2 Kxg5 47. Kd3 Kf6 48. Bg8 Ke5 49. a4 Ne4 50. a5 bxa5 51. bxa5 Nc5+ 52. Kc4
Nd7 53. Bh7 Nf6 54. Bd3 Nd5 55. a6 Nb6+ 56. Kc5 Na4+ 57. Kc6 1-0

[Event "World Blitz 2015"]
[Site "Berlin GER"]
[Date "2015.10.14"]
[Round "21.56"]
[White "Volokitin, Andrei"]
[Black "Bezold, Michael"]
[Result "0-1"]
[WhiteTitle "GM"]
[BlackTitle "GM"]
[WhiteElo "2639"]
[BlackElo "2509"]
[WhiteFideId "14107090"]
[BlackFideId "4601718"]
[EventDate "2015.10.13"]

1. e4 c5 2. Nf3 e6 3. d4 cxd4 4. Nxd4 a6 5. Bd3 Bc5 6. Nb3 Ba7 7. O-O Nc6 8. c4
Nf6 9. Nc3 d6 10. Qe2 O-O 11. Be3 h6 12. Rfd1 Bxe3 13. Qxe3 b6 14. Be2 Qc7 15.
Rac1 Ne5 16. f4 Ng6 17. g3 Rb8 18. Qd4 Bb7 19. Qxd6 Qxd6 20. Rxd6 Bxe4 21. c5
bxc5 22. Rxa6 Rfc8 23. Nxe4 Nxe4 24. Bd3 Rb4 25. Bxe4 Rxe4 26. Rxc5 Rxc5 27.
Nxc5 Rc4 28. Nd3 Rc2 29. Rb6 Ne7 30. a4 Nd5 31. Rb8+ Kh7 32. a5 Ne3 33. h4 Rg2+
34. Kh1 Rd2 35. a6 Rd1+ 36. Kh2 Ra1 37. Nc5 Kg6 38. Rb3 Ng4+ 39. Kg2 Ra5 40. Ra3
Rxc5 41. a7 Rc2+ 42. Kf3 f5 0-1

[Event "World Blitz 2015"]
[Site "Berlin GER"]
[Date "2015.10.14"]
[Round "21.57"]
[White "Heimann, Andreas"]
[Black "Fedorchuk, Sergey A."]
[Result "1-0"]
[WhiteTitle "IM"]
[BlackTitle "GM"]
[WhiteElo "2546"]
[BlackElo "2635"]
[WhiteFideId "24624632"]
[BlackFideId "14102536"]
[EventDate "2015.10.13"]

1. e4 c5 2. Nf3 e6 3. d4 cxd4 4. Nxd4 a6 5. c4 Qc7 6. Nc3 Nf6 7. a3 b6 8. Be2
Bb7 9. f3 Nc6 10. Be3 Ne5 11. Rc1 Ng6 12. Qd2 h5 13. b4 h4 14. Nb3 Bd6 15. Bxb6
Qxb6 16. c5 Bg3+ 17. hxg3 Qc7 18. Qd6 Qxd6 19. cxd6 hxg3 20. Rxh8+ Nxh8 21. Na5
Bc8 22. Na4 Rb8 23. Nb6 Kd8 24. Rxc8+ Rxc8 25. Nb7+ Ke8 26. Nxc8 Ng6 27. Bxa6
Nh5 28. Bf1 Nhf4 29. a4 Nh4 30. a5 Nhxg2+ 31. Bxg2 Nxg2+ 32. Kf1 Ne3+ 33. Kg1 1-0

[Event "World Blitz 2015"]
[Site "Berlin GER"]
[Date "2015.10.14"]
[Round "21.58"]
[White "Adhiban, Baskaran"]
[Black "Riff, Jean-Noel"]
[Result "1-0"]
[WhiteTitle "GM"]
[BlackTitle "GM"]
[WhiteElo "2674"]
[BlackElo "2499"]
[WhiteFideId "5018471"]
[BlackFideId "611190"]
[EventDate "2015.10.13"]

1. d4 Nf6 2. c4 e6 3. Nf3 Bb4+ 4. Nbd2 O-O 5. a3 Be7 6. e4 d6 7. b3 e5 8. Bb2
exd4 9. Nxd4 Nc6 10. Bd3 Nd7 11. Nc2 Nc5 12. Be2 Bf6 13. Bxf6 Qxf6 14. O-O a5
15. b4 Ne6 16. g3 Ned4 17. Nxd4 Qxd4 18. b5 Ne5 19. Kg2 Be6 20. Rc1 f5 21. f4
Nd7 22. Bf3 Nc5 23. Qe2 Rae8 24. Rfd1 Qb2 25. e5 dxe5 26. Qxe5 Qxe5 27. fxe5 b6
28. Rc3 Rd8 29. Kf2 Nd3+ 30. Ke2 Nxe5 31. Rdc1 Rd4 32. Re3 Nxc4 33. Nxc4 Bxc4+
34. Rxc4 Rd7 35. Rec3 Re8+ 36. Re3 Red8 37. Rc2 Kf7 38. h4 g6 39. Rec3 Re7+ 40.
Kf2 Rdd7 41. Bc6 Rd6 42. Bf3 Rdd7 43. Re3 Rxe3 44. Kxe3 h6 45. Rc6 Re7+ 46. Kf4
Rd7 47. h5 gxh5 48. Rxh6 Kg7 49. Rc6 Rd3 50. Rxc7+ Kf8 51. Rc6 Rxa3 52. Rxb6 Rb3
53. Bd5 Rb4+ 54. Kxf5 a4 55. Kf6 Ke8 56. Be6 Kd8 57. Rc6 1-0

[Event "World Blitz 2015"]
[Site "Berlin GER"]
[Date "2015.10.14"]
[Round "21.59"]
[White "Nikolic, Predrag"]
[Black "Kunin, Vitaly"]
[Result "1/2-1/2"]
[WhiteTitle "GM"]
[BlackTitle "GM"]
[WhiteElo "2603"]
[BlackElo "2556"]
[WhiteFideId "14400014"]
[BlackFideId "4128737"]
[EventDate "2015.10.13"]

1. d4 d6 2. Nf3 Nf6 3. g3 g6 4. Bg2 Bg7 5. c4 O-O 6. O-O c6 7. h3 Nbd7 8. Nc3 e5
9. e4 exd4 10. Nxd4 Nc5 11. Be3 Re8 12. Qc2 a5 13. Rad1 Qc7 14. Rfe1 Be6 15. b3
Rad8 16. f4 Bc8 17. Bf2 Nfd7 18. Kh2 Nf8 19. Nde2 b6 20. Nd4 Nfe6 21. Nf3 Nf8
22. Bd4 f6 23. f5 Nfd7 24. Nh4 g5 25. Nf3 Ne5 26. Nxe5 dxe5 27. Bxc5 bxc5 28.
Rxd8 Rxd8 29. Rd1 Rd4 30. Ne2 Rd6 31. Rxd6 Qxd6 32. Bf3 Bf8 33. a4 Kg7 34. Bh5
Bd7 35. Kg2 Be7 36. Kf2 Kf8 37. Ke1 Be8 38. Bxe8 Kxe8 39. g4 Qb8 40. Kd2 Qb4+
41. Qc3 Qxc3+ 42. Kxc3 Bd8 43. Kd3 Kf7 44. Ke3 Bb6 45. Kf3 Kg7 46. Ng3 Bd8 47.
Nh5+ Kf7 48. Kg3 Be7 49. h4 h6 50. Kh3 Bd8 51. Ng3 Bc7 52. h5 Ke7 53. Kg2 Kd6
54. Kf3 Bb6 55. Ke2 Bc7 56. Kd3 Bb6 57. Ne2 Bc7 58. Nc1 Bd8 59. Ne2 Bc7 60. Nc3 1/2-1/2

[Event "World Blitz 2015"]
[Site "Berlin GER"]
[Date "2015.10.14"]
[Round "21.60"]
[White "Bologan, Viktor"]
[Black "Ladva, Ottomar"]
[Result "1-0"]
[WhiteTitle "GM"]
[BlackTitle "IM"]
[WhiteElo "2607"]
[BlackElo "2423"]
[WhiteFideId "13900048"]
[BlackFideId "4500024"]
[EventDate "2015.10.13"]

1. e4 c5 2. Nf3 e6 3. d4 cxd4 4. Nxd4 Nc6 5. Nc3 a6 6. Be2 d6 7. Be3 Nf6 8. f4
Be7 9. g4 Nd7 10. g5 Qc7 11. Qd2 O-O 12. h4 Nxd4 13. Qxd4 e5 14. Qd2 exf4 15.
Bxf4 Ne5 16. Nd5 Qd8 17. O-O-O Be6 18. Nxe7+ Qxe7 19. Qxd6 Qxd6 20. Rxd6 Nc6 21.
b3 Rae8 22. Kb2 Bc8 23. Bf3 Ne5 24. Bg2 Re7 25. Rhd1 Rfe8 26. Rd8 Kf8 27. a4 Nc6
28. Rxe8+ Kxe8 29. c4 Rd7 30. Rxd7 Bxd7 31. Kc3 a5 32. Bc7 f6 33. gxf6 gxf6 34.
e5 fxe5 35. Bxc6 Bxc6 36. Bxa5 Kd7 37. Bb6 Ke6 38. a5 Kf5 39. b4 Kg4 40. Bd8 Kf3
41. b5 Be8 42. Bg5 e4 43. Kd4 h5 44. b6 Bd7 45. a6 1-0

[Event "World Blitz 2015"]
[Site "Berlin GER"]
[Date "2015.10.14"]
[Round "21.61"]
[White "Lagno, Kateryna"]
[Black "Van Foreest, Jorden"]
[Result "1/2-1/2"]
[WhiteTitle "GM"]
[BlackTitle "IM"]
[WhiteElo "2523"]
[BlackElo "2548"]
[WhiteFideId "14109336"]
[BlackFideId "1039784"]
[EventDate "2015.10.13"]

1. e4 e5 2. Nf3 Nc6 3. Nc3 Nf6 4. Be2 Bb4 5. Nd5 Nxd5 6. exd5 Ne7 7. Nxe5 Nxd5
8. Bc4 Qe7 9. O-O O-O 10. Re1 Qd6 11. Qf3 Nf6 12. Nxf7 Qc5 13. Nd6+ Kh8 14. Nf7+
Kg8 15. Nd6+ Kh8 16. Nf7+ Kg8 17. Nd6+ Kh8 18. Nf7+ Kg8 19. Nd6+ 1/2-1/2